Pemimpin dalam ungkapan Melayu

Bibliographic Details
Main Author: EFFENDY 1936-
Format: Book
Published: Kuala Lumpur : DBP , 2000
Subjects:

MARC

LEADER 00000cam a2200000 7i4500
001 0000001101
005 20140103.0
020 0 0 |a 9836268278 
090 0 0 |a 303.34   |b EFF 2000 
100 0 0 |a EFFENDY   |h Tenas   |c 1936- 
245 1 0 |a Pemimpin dalam ungkapan Melayu   |c Tenas Effendy 
260 0 0 |a Kuala Lumpur :   |b DBP ,   |c 2000 
300 |a xiv, 200 p. ;   |c 22 cm. 
500 0 0 |a Bibliography : [p. 195-196] and index 
650 0 0 |a Leadership 
650 0 0 |a Malays   |x Politics and government 
998 |a JPSM 
999 |a 0000002309   |b Monograph   |c Open Shelf   |e Default branch